02536nam a2200241 a 450000100100000000500170001000800410002702000180006804000250008608200150011124501590012626001380028530000360042349000300045952014680048950400650195770000280202270000390205070000390208983000360212895201130216499900170227700003666720200930075849.0120124s2010 cl ad 000 0 spa d a9789213234228 aDO-SdBNPbspacBNPHU axxxbC966c00aEl cuidado en acción :bentre el derecho y el trabajo /ccoordinadoras Sonia Montaño Virreira, Coral Calderón Magaña ; prólogo Alicia Bárcena. aSantiago de Chile, :bNaciones Unidas, CEPALbAgencia Española de CooperaciónbFondo de Desarrollo de las Naciones Unidas,c2010. a230p. :bil., diagrs. ;c24 cm.1 aCuadernos de la CEPALv94 a"En este libro se exploran distintas aristas acerca del cuidado en la región, en el marco de los acuerdos del Consenso de Quito aprobado por los gobiernos en la décima Conferencia Regional sobre la Mujer de América Latina y el Caribe. La inserción masiva y acelerada de la mujer en el mercado de trabajo, ha chocado con varios obstáculos: la debilidad de las políticas públicas para promover las responsabilidades compartidas, la insuficiencia de servicios de cuidado, la dificultad de los hombres para compartir las tareas del hogar, la persistencia de prejuicios en las empresas, la sociedad y los medios. Gracias a los cambios educativos, demográficos y culturales las mujeres han salido de los hogares para buscar ingresos, aunque las políticas públicas han tardado en responder. El ingreso disponible en los hogares es cada vez más escaso y esta nueva realidad social ha hecho que "el cuidado" en la sociedad se convierta en tema clave para lograr la igualdad entre hombres y mujeres. La llamada crisis del cuidado--sostiene Sonia Montaño--no es otra cosa que un síntoma de emancipación de las mujeres y cuestiona el supuesto de su disponibilidad constante. Ni el tiempo es elástico, ni las mujeres pueden seguir dotando a la sociedad de los cuidados que necesita. ¿Qué hacer entonces con las niñas y niños, con los adultos mayores que requieren compañía, con los enfermos crónicos, las personas con discapacidad?". aIncluye referencias bibliográficas y notas a pie página.1 aMontaño, Sonia9629461 aCalderón Magaña, Coral,9629471 aBárcena, Alicia,epról.953433 0aCuadernos de la CEPALv9493079 001050718MOaGRbGRcCTd2012-01-24iLF1l0oxxx C966cp36667-10r2020-06-25w2020-06-25y1ZNo se presta c36158d36158